Seria Battlefield - Statystyki

Ogólne statystyki
  • Ten quiz został rozwiązany 77 razy
  • Średni wynik to 9 z 14
Statystyki odpowiedzi
Hint Odpowiedź % Poprawnych
2016 Battlefield 1
88%
2018 Battlefield 5
88%
2011 Battlefield 3
85%
2013 Battlefield 4
83%
2021 Battlefield 2042
81%
2002 Battlefield 1942
71%
2015 Battlefield Hardline
68%
2010 Battlefield: Bad Company 2
61%
2005 Battlefield 2
58%
2008 Battlefield: Bad Company
56%
2006 Battlefield 2142
44%
2004 Battlefield Vietnam
37%
2009 Battlefield 1943
27%
2005 Battlefield 2: Modern Combat
12%
Nie znaleziono quizów pasujących do podanych kryteriów
Rozkład punktacji
Procent ludzi z każdym wynikiem
Percentyl według liczby udzielonych odpowiedzi
Twoja historia wyników
Nie rozwiązałeś tego quizu